Statistics for Guess the Simpsons characters from the catchphrase

Click here to take the quiz!

General Stats

  • This quiz has been taken 333 times
  • The average score is 13 of 20

Answer Stats

CatchphraseCharacter% Correct
"Excellent"Mr Burns
96%
"Thank you, come again"Apu
92%
"Eat my shorts"Bart
92%
"Hi-diddly-ho, neighborino!"Ned Flanders
91%
(Burp)Barney
89%
"Ha-ha!"Nelson
87%
"Skinner!"Superintendent Chalmers
85%
"Hey hey!"Krusty
82%
"Hi everybody!"Dr Nick
78%
"That's Homer Simpson, one of your (insulting term) from sector 7G"Smithers
75%
"Oh won't someone please think of the children!"Helen Lovejoy
62%
"Ha!"Mrs Krabappel
56%
"Ay ay ay!"Bumblebee Man
50%
"Glavin!"Professor Frink
50%
"Clancy!"Sarah Wiggum
45%
"Hmmmmm!" (annoyed grunt)Marge
40%
"That's a paddlin'"Jasper Beardly
39%
"Yee haw!" (followed by pistol shots)Rich Texan
39%
"Yargh"Sea Captain
35%
"Yeeeeees?"Yes Guy
14%

Score Distribution

Percentile by Number Answered

Percent of People with Each Score

Your Score History

You have not taken this quiz